[Event "Main Vogelsberg op 16th"]
[Site "Waechtersbach"]
[Date "2022.10.03"]
[Round "7"]
[White "Eurich, Jannik"]
[Black "Specht, Sebastian"]
[Result "0-1"]
[WhiteElo "2074"]
[BlackElo "1838"]
[PlyCount "100"]
[EventDate "2022.09.30"]
[EventType "swiss"]
[EventRounds "7"]
[EventCountry "GER"]
[SourceTitle "CBM 210 Extra"]
[Source "ChessBase"]
[SourceDate "2022.11.30"]
[SourceVersion "1"]
[SourceVersionDate "2022.11.30"]
[SourceQuality "1"]

1. e4 e5 2. Nf3 Nc6 3. Bb5 a6 4. Ba4 Nf6 5. 0-0 Be7 6. Re1 b5 7. Bb3 d6 8. c3 0-0 9. h3 Nb8 10. d4 Nbd7 11. Nbd2 Bb7 12. Bc2 Re8 13. Nf1 Bf8 14. Ng3 g6 15. a4 Nb6 16. a5 Nbd7 17. h4 Bg7 18. Nh2 exd4 19. cxd4 c5 20. d5 Qe7 21. Bg5 Qf8 22. Ra3 Ne5 23. f4 Nc4 24. Ra2 Nd7 25. h5 Nxb2 26. Qb1 Nc4 27. Nf3 Bc3 28. Re2 Nxa5 29. f5 Nc4 30. Qc1 Bg7 31. fxg6 fxg6 32. Rf2 Nf6 33. hxg6 hxg6 34. Nh2 Re7 35. Ng4 Rf7 36. Bxf6 Bxf6 37. Nh6+ Kg7 38. Nxf7 Qxf7 39. e5 Nxe5 40. Ne4 Ng4 41. Ng5 Qxd5 42. Be4 Qxg5 43. Qxg5 Bxg5 44. Bxb7 Ra7 45. Rf3 Rxb7 46. Rg3 Be3+ 47. Kf1 Nh2+ 48. Ke2 Bf4 49. Rh3 b4 50. g3 Be5 0-1